[Event "8th Amplico AIG Life Rapid"]
[Site "Warsaw POL"]
[Date "2008.12.21"]
[Round "10"]
[White "Socko,B"]
[Black "Gritsak,O"]
[Result "0-1"]
[WhiteElo "2631"]
[BlackElo "2519"]

1.e4 c5 2.Nf3 e6 3.d4 cxd4 4.Nxd4 a6 5.Bd3 Nf6 6.Be3 d6 7.Nd2 Nbd7 8.Qe2 Be7
9.O-O-O Nc5 10.f4 Qc7 11.Kb1 b5 12.Rhe1 Bb7 13.Bf2 O-O 14.g4 Rfe8 15.g5 Nfd7
16.N4f3 Bf8 17.h4 Rac8 18.Rc1 g6 19.h5 Bg7 20.Bd4 e5 21.fxe5 dxe5 22.Be3 Ne6
23.hxg6 hxg6 24.Rh1 Ndc5 25.Rh4 Nf4 26.Bxf4 exf4 27.c3 Nxd3 28.Qxd3 b4 29.c4 Rcd8
30.Qc2 a5 31.Re1 Re7 32.Kc1 Bc6 33.Rh2 a4 34.Rhe2 Qd6 35.e5 Qd3 36.Rf2 a3
37.Ne4 axb2+ 38.Kxb2 Qa3+ 39.Kb1 b3 40.axb3 Rb7 41.Ned2 Bd7 42.Nd4 Bf5 43.Nxf5 Rxd2
44.Ne7+ Kf8 45.Nxg6+ fxg6 46.Rxd2 Rxb3+ 47.Qxb3 Qxb3+ 48.Rb2 Qxc4 49.Rb8+ Ke7
50.Rb7+ Ke6 51.Rb6+ Kf5 52.e6 Qd3+ 53.Kc1 Bc3  0-1

[Event "8th Amplico AIG Life Rapid"]
[Site "Warsaw POL"]
[Date "2008.12.21"]
[Round "12"]
[White "Bartel,Mat"]
[Black "Gritsak,O"]
[Result "0-1"]
[WhiteElo "2602"]
[BlackElo "2519"]

1.e4 c5 2.Nf3 e6 3.d4 cxd4 4.Nxd4 a6 5.Bd3 Nf6 6.O-O d6 7.b3 Be7 8.Bb2 O-O
9.Nd2 Bd7 10.f4 Nc6 11.N4f3 Rc8 12.a3 Nh5 13.Ne1 g6 14.g4 Ng7 15.Nef3 b5
16.Qe2 f5 17.g5 Nh5 18.Qe3 fxe4 19.Nxe4 Rxf4 20.Bf6 d5 21.Nd6 Rb8 22.Ne5 Nxe5
23.Bxe5 Bxd6 24.Bxf4 Nxf4 25.h4 Qb6 26.Qxb6 Rxb6 27.Kf2 e5 28.Ke3 Kg7 29.b4 Bb8
30.Kd2 e4 31.Be2 d4 32.Rae1 Bf5 33.Bd1 e3+ 34.Kc1 Rc6  0-1

[Event "ch-Nassau"]
[Site "Mineola USA"]
[Date "2008.12.22"]
[Round "10"]
[White "Stenzel,H"]
[Black "Mirabile,T"]
[Result "0-1"]
[WhiteElo "2071"]
[BlackElo "2180"]

1.e4 c5 2.Nf3 e6 3.d4 cxd4 4.Nxd4 a6 5.Bd3 Nf6 6.O-O Qc7 7.Be3 Nc6 8.Nd2 d6
9.f4 Nxd4 10.Bxd4 e5 11.Bc3 Ng4 12.Qe2 b5 13.f5 h5 14.Nf3 Be7 15.h4 Bd7 16.Bd2 Bc6
17.g3 Qb7 18.Rae1 Bd8 19.Kg2 Bb6 20.Kh3 Qa7 21.c4 Nf2+ 22.Kh2 bxc4 23.Bxc4 Nxe4
24.Bb4 Bf2 25.Bxf7+ Qxf7 26.Nxe5 Bxg3+ 27.Kh3 Bxe5 28.Qc2 Qb7 29.Qc4 Bd5
30.Qd3 Ng5+ 31.hxg5 Bg2+ 32.Kh4 Qxb4+  0-1

[Event "Open A"]
[Site "Groningen NED"]
[Date "2008.12.23"]
[Round "3"]
[White "Mostertman,M"]
[Black "De Jong,M"]
[Result "1/2-1/2"]
[WhiteElo "2044"]
[BlackElo "2349"]

1.e4 c5 2.Nf3 e6 3.d4 cxd4 4.Nxd4 a6 5.Bd3 Bc5 6.Nb3 Be7 7.O-O d6 8.f4 Nd7
9.Be3 Ngf6 10.Kh1 O-O 11.Qe1 b6 12.Nc3 Bb7 13.Rd1 Qc7 14.Rf3 b5 15.a3 Nc5
16.Rh3 Ncxe4 17.Bd4 d5 18.Bxf6 Nxf6 19.Qe5 Qxe5 20.fxe5 Ng4 21.Bxh7+ Kh8
22.Bd3+ Nh6 23.Ne2 Rfc8 24.c3 Kg8 25.Ned4 Bf8 26.Na5 Rc7 27.Rf1 Bc8 28.Rhf3 Ng4
29.Re1 g6 30.h3 Nh6 31.g4 Bg7 32.Nac6 Bb7 33.Na5 Re8 34.Rf2 Ba8 35.Rfe2 Kf8
36.Ra1  1/2-1/2

[Event "10th Mirko Srajber Mem"]
[Site "Subotica SRB"]
[Date "2008.12.23"]
[Round "7"]
[White "Nadj Hedjesi,B"]
[Black "Manolache,M"]
[Result "0-1"]
[WhiteElo "2296"]
[BlackElo "2494"]

1.e4 c5 2.Nf3 e6 3.d4 cxd4 4.Nxd4 a6 5.Bd3 Bc5 6.Nb3 Ba7 7.Qe2 d6 8.Be3 Nc6
9.f4 Nf6 10.N1d2 e5 11.O-O-O Bg4 12.Nf3 Qc7 13.Bxa7 Rxa7 14.Qe3 exf4 15.Qxf4 O-O
16.h3 Be6 17.Nbd4 Ne5 18.Rhf1 Re8 19.g4 Nxd3+ 20.Rxd3 Bc4 21.Rc3 Rxe4 22.Qg5 h6
23.Qf5 d5 24.Re1 Rxe1+ 25.Nxe1 Ra8 26.Nef3 Re8 27.g5 Ne4 28.Re3 g6 29.Qg4 h5
30.Qh4 Qa5 31.a3 Bf1 32.Nb3 Qd8 33.Nbd4 Qc8 34.Ne1 Qc4 35.Nb3 Rc8 36.Qf4 Bg2
37.h4 b6 38.Rd3 Nc5 39.Qxc4 dxc4 40.Rc3 Ne4 41.Re3 cxb3 42.c3 Bh1 43.Rh3 Rd8  0-1

[Event "35th ch-IND w National A"]
[Site "New Delhi IND"]
[Date "2008.12.24"]
[Round "7"]
[White "Kiran,M"]
[Black "Amrutha,M"]
[Result "1/2-1/2"]
[WhiteElo "2198"]
[BlackElo "2163"]

1.e4 c5 2.Nf3 e6 3.d4 cxd4 4.Nxd4 a6 5.Bd3 Nf6 6.O-O Qc7 7.Qe2 d6 8.c4 g6
9.Nc3 Bg7 10.Rd1 O-O 11.Nf3 Nc6 12.h3 Nd7 13.Be3 b6 14.Rac1 Nc5 15.Bb1 Rd8
16.Qd2 Bb7 17.Nd4 Nxd4 18.Bxd4 Bxd4 19.Qxd4 e5 20.Qd2 Qe7 21.Nd5 Bxd5 22.cxd5 a5
23.Qe3  1/2-1/2

[Event "10th Mirko Srajber Mem"]
[Site "Subotica SRB"]
[Date "2008.12.25"]
[Round "9"]
[White "Nadj Hedjesi,B"]
[Black "Markus,Rob"]
[Result "0-1"]
[WhiteElo "2296"]
[BlackElo "2616"]

1.e4 c5 2.Nf3 e6 3.d4 cxd4 4.Nxd4 a6 5.Bd3 Bc5 6.Nb3 Be7 7.Qe2 Nc6 8.f4 d6
9.O-O Nf6 10.Nc3 Nb4 11.Kh1 Nxd3 12.cxd3 O-O 13.Bd2 b5 14.Rf3 Bb7 15.Raf1 Rc8
16.Rg3 Kh8 17.e5 Ng8 18.exd6 Qxd6 19.Ne4 Bxe4 20.dxe4 b4 21.Be3 Qc6 22.Qg4 g6
23.Rh3 Bf6 24.Bc5 Qb5 25.Rc1 Bxb2 26.Qh4 h6 27.Qe1 Bxc1 28.Bxf8 Bxf4 29.Bxb4 Be5
30.Rf3 Kg7 31.Bc3 Bxc3 32.Rxc3 Qb4 33.Re3 Qxe1+ 34.Rxe1 Rc2 35.a4 Nf6 36.e5 Nd7
37.h3 Rc4 38.a5 Rc3  0-1

[Event "35th ch-IND w National A"]
[Site "New Delhi IND"]
[Date "2008.12.26"]
[Round "9"]
[White "Pon,N"]
[Black "Amrutha,M"]
[Result "1/2-1/2"]
[WhiteElo "2191"]
[BlackElo "2163"]

1.e4 c5 2.Nf3 e6 3.d4 cxd4 4.Nxd4 a6 5.Bd3 Nf6 6.O-O Qc7 7.Qe2 d6 8.c4 Be7
9.Nc3 Nc6 10.Be3 Ne5 11.f3 b6 12.Rac1 Bb7 13.b3 Rc8 14.Bb1 Qb8 15.h3 Ned7
16.Bf2 O-O 17.Rfd1 Bd8 18.Be3 Bc7 19.Qf2 Rfe8 20.Nde2 d5 21.cxd5 exd5 22.Nxd5 Bxd5
23.exd5 Bh2+ 24.Kh1 Rxc1 25.Nxc1 Nh5 26.g4 Bg3 27.Qd2 Nhf6 28.Bf2 Bf4 29.Qd3 h5
30.Kg2 Ne5 31.Qd4 Ng6 32.Bxg6 fxg6 33.Nd3 Bc7 34.Nb4 Bd6 35.Nc6 Qc8 36.g5 Nd7
37.Qd3 Kh7 38.Rc1 Nc5 39.Bxc5 bxc5 40.Rc2 Qd7 41.Re2 Rxe2+ 42.Qxe2 Qf5 43.h4 Qxd5
44.Na5 Qd4 45.Nc4 Bc7 46.Qd2 Qa1 47.Qf2 Qb1 48.Qe2 Qf5 49.Qe4 Qd7 50.Qe3 Qf5
51.Qe4 Qd7 52.Qe3 Qd5 53.Qe7 Bb8 54.Qe4 Qd7 55.Qe3 Qc7 56.Qf2 Qh2+ 57.Kf1 Qh3+
58.Ke2 Bg3 59.Qxc5 Qxh4 60.Nd2 Qh2+ 61.Kd3 Bd6 62.Qd5 Qf4 63.Ke2 h4 64.Ne4 Be5
65.Qd7 Qh2+ 66.Kd3 Qf4 67.Qh3 a5 68.Ke2 Bd4 69.Kd3 Be5 70.Kc4 Bd6 71.Kd3 Be7
72.Qg2 Qf5 73.Ke3 Bd8 74.Qg4 Bb6+ 75.Ke2 h3 76.Qg3 Qb5+ 77.Ke1 Qf5 78.Ke2 Bd4
79.Kf1 Be5 80.Qh4+ Kg8 81.Kf2 h2 82.Kg2 Qf7 83.Nf2 Bf4 84.Nh3 Bd6 85.Qe4 Kh7
86.f4 Qd7 87.Kxh2 Qg4 88.Qe3 Bc7 89.Kh1 Qd1+ 90.Kg2 Qg4+ 91.Kh2 Bd6 92.Qd2 Bc7
93.a3 Qf3  1/2-1/2

[Event "17th Donau Open"]
[Site "Aschach AUT"]
[Date "2008.12.27"]
[Round "3"]
[White "Wiesinger,R"]
[Black "Eisenbeiser,A"]
[Result "1/2-1/2"]
[WhiteElo "2237"]
[BlackElo "2424"]

1.e4 c5 2.Nf3 e6 3.d4 cxd4 4.Nxd4 a6 5.Bd3 Nf6 6.O-O Qc7 7.Nc3 d6 8.a4 g6
9.Kh1 Bg7 10.f4 Nbd7 11.Be3 O-O 12.Qe1 b6 13.Qh4 Bb7 14.f5 gxf5 15.Rxf5 exf5
16.Nxf5 Kh8 17.Nxg7 Rg8 18.Nh5 Nxh5  1/2-1/2

[Event "Open A"]
[Site "Groningen NED"]
[Date "2008.12.28"]
[Round "7"]
[White "Admiraal,M"]
[Black "De Groote,E"]
[Result "1-0"]
[WhiteElo "1953"]
[BlackElo "2208"]

1.e4 c5 2.Nf3 e6 3.d4 cxd4 4.Nxd4 a6 5.Bd3 Bc5 6.Nb3 Ba7 7.c4 Nc6 8.O-O d6
9.Nc3 Nge7 10.Kh1 e5 11.f4 exf4 12.Bxf4 Ng6 13.Bg3 Nce5 14.Be2 h5 15.Nd4 h4
16.Be1 Ng4 17.Nf5 Bxf5 18.exf5 Ne3 19.Qa4+ b5 20.Qxa6 Nxf1 21.Bxf1 Ne7 22.Nxb5 Bb6
23.Qb7 Nxf5 24.Qe4+ Ne7 25.Nxd6+ Qxd6 26.Qxa8+ Kd7 27.Qxh8 Qd4 28.c5 Qxc5
29.Rd1+ Ke6 30.Bf2 Qxf2 31.Bc4+  1-0

[Event "1st Asian Clubs"]
[Site "Al Ain UAE"]
[Date "2008.12.29"]
[Round "5"]
[White "Bakr,J"]
[Black "Hatanbaatar,B"]
[Result "0-1"]
[WhiteElo "2338"]
[BlackElo "2375"]

1.e4 c5 2.Nf3 e6 3.d4 cxd4 4.Nxd4 a6 5.Bd3 Bc5 6.Nb3 Ba7 7.Qe2 Nc6 8.Nc3 d6
9.Be3 Nf6 10.O-O-O O-O 11.f4 Bxe3+ 12.Qxe3 Qc7 13.Qh3 Nb4 14.Kb1 b5 15.g4 Nxd3
16.cxd3 b4 17.Ne2 a5 18.f5 a4 19.Nbd4 e5 20.g5 Nxe4 21.dxe4 exd4 22.Rxd4 Ba6
23.Rc1 Qe7 24.Nf4 Qe5 25.Qe3 b3 26.Rd5 Qe7 27.f6 bxa2+ 28.Ka1 Qb7 29.fxg7 Rfc8
30.Rdd1 a3 31.b3 Qe7 32.Rxc8+ Rxc8 33.Nd5 Qe5+ 34.Qd4 Rc4 35.Kxa2  0-1

[Event "38th Rilton Cup 2008-9"]
[Site "Stockholm SWE"]
[Date "2008.12.31"]
[Round "5"]
[White "Lindberg,Be"]
[Black "Meskovs,N"]
[Result "1-0"]
[WhiteElo "2406"]
[BlackElo "2247"]

1.e4 c5 2.Nf3 e6 3.d4 cxd4 4.Nxd4 a6 5.Bd3 Qc7 6.O-O Nf6 7.Qe2 d6 8.c4 Nbd7
9.Nc3 b6 10.Kh1 Be7 11.f4 g6 12.b3 Bb7 13.Bb2 h5 14.Rac1 h4 15.Nd5 exd5 16.cxd5 Qb8
17.Nc6 Bxc6 18.dxc6 Nc5 19.e5 Nh5 20.exd6 Qxd6 21.Rxc5 bxc5 22.Be5 Qxc6 23.Bxh8 Nf6
24.Re1 Ra7 25.Qe5  1-0

[Event "Masters"]
[Site "Hastings ENG"]
[Date "2009.01.02"]
[Round "6"]
[White "Rudd,J"]
[Black "Flear,C"]
[Result "1-0"]
[WhiteElo "2344"]
[BlackElo "2092"]

1.e4 c5 2.Nf3 e6 3.d4 cxd4 4.Nxd4 a6 5.Bd3 b5 6.O-O Bb7 7.Be3 Qc7 8.Nd2 Nf6
9.Rc1 Nc6 10.c4 b4 11.c5 Nxd4 12.Bxd4 e5 13.Be3 Be7 14.f4 exf4 15.Bxf4 Qc6
16.Nb3 Nxe4 17.Qe2 f5 18.Na5 Qc8 19.c6 Bxc6 20.Nxc6 dxc6 21.Bxe4 fxe4 22.Qxe4 c5
23.Bd6 Ra7 24.Bxc5 Qb7 25.Qe6 Qd7 26.Qf7+ Kd8 27.Bb6+  1-0

[Event "38th Rilton Cup 2008-9"]
[Site "Stockholm SWE"]
[Date "2009.01.02"]
[Round "6"]
[White "Huschenbeth,N"]
[Black "Hillarp Persson,T"]
[Result "0-1"]
[WhiteElo "2417"]
[BlackElo "2543"]

1.e4 c5 2.Nf3 e6 3.d4 cxd4 4.Nxd4 a6 5.Bd3 Bc5 6.Nb3 Be7 7.Qg4 g6 8.Qe2 d6
9.O-O Nd7 10.Na3 b6 11.Nc4 Bb7 12.a4 Ngf6 13.Bh6 Qc7 14.f4 d5 15.exd5 Nxd5
16.Ne5 Nc5 17.Nc1 f6 18.Ng4 f5 19.Ne5 Bf6 20.Bc4 Bxe5 21.fxe5 g5 22.Bxg5 Rg8
23.h4 h6 24.Qh5+ Qf7 25.Qxh6 Rg6 26.Qh5 Ne3 27.Bd3 Nxg2 28.Kf2 Nf4 29.Qd1 Rxg5
30.hxg5 O-O-O 31.Rh1 Qg7 32.b4 Ncxd3+ 33.Nxd3 Qxg5 34.Qg1 Nxd3+ 35.cxd3 Qd2+
36.Kf1 Qxd3+  0-1

[Event "Open A"]
[Site "Gjovik NOR"]
[Date "2009.01.05"]
[Round "7"]
[White "Kovachev,D"]
[Black "Kveinys,A"]
[Result "1/2-1/2"]
[WhiteElo "2229"]
[BlackElo "2533"]

1.e4 c5 2.Nf3 e6 3.d4 cxd4 4.Nxd4 a6 5.Bd3 Nf6 6.O-O Qc7 7.Qe2 d6 8.c4 g6
9.Nc3 Bg7 10.Nf3 Nc6 11.Bf4 e5 12.Bg5 Bg4 13.Qe3 h6 14.Bh4 O-O 15.h3 Bxf3
16.Qxf3 Kh7 17.Rac1 Rac8 18.Qe3 Qa5 19.Kh1 Nh5 20.f3 Bf6 21.Bxf6 Nxf6 22.a3 Qd8
23.Rfd1 Qe7 24.Ne2 Nd8 25.b4 Ne6 26.Kh2 Kg7 27.Bb1 Rc6 28.Ba2 Rfc8 29.Rd2 b5
30.Rdc2 Qb7 31.c5 dxc5 32.Bd5 c4 33.Bxc6 Rxc6 34.Rd1 Qc7 35.g3 a5 36.Rcd2 axb4
37.axb4 Ra6 38.Kg2 Qe7 39.Qc3 Nf8 40.Ra1 Rxa1 41.Qxa1 Qxb4 42.Rb2 Qc5 43.Qa5 N6d7
44.Qxb5 Qa3 45.Rc2 h5 46.Qxc4 h4 47.g4 Ne6 48.Qc3 Qxc3 49.Rxc3 Ndf8 50.Ra3 Nh7
51.Ra5 Kf6 52.Ra6 Kg7 53.Ra5 Kf6 54.Rd5 Nhg5 55.Rb5 Nh7 56.Ra5 Nhg5 57.Rb5 Nh7
58.Ra5 Nhg5 59.Ra6 Kg7 60.Rb6 Nh7 61.Rb1 Nhg5 62.Rf1 Kf6 63.Rf2 Ke7 64.Rf1 Kf6
65.Rh1 Nh7 66.Kf2 Nhf8 67.Nc3 Nf4 68.Nd5+ Kg5 69.Nxf4 Kxf4 70.Rg1 Kg5 71.Ra1 Ne6
72.Ra5 f6 73.Kg2 Nf4+ 74.Kh2 Ne2 75.Ra6 Nf4 76.Rd6 Ne2 77.Kg2 Nf4+ 78.Kh2 Ne2
79.Kg2 Kf4  1/2-1/2

[Event "Masters"]
[Site "Hastings ENG"]
[Date "2009.01.05"]
[Round "9"]
[White "Zhou,Y"]
[Black "Sugden,J"]
[Result "0-1"]
[WhiteElo "2276"]
[BlackElo "2173"]

1.e4 c5 2.Nf3 e6 3.d4 cxd4 4.Nxd4 a6 5.Bd3 b5 6.a4 b4 7.O-O Bb7 8.Re1 Ne7
9.Nd2 Nbc6 10.N4b3 Nc8 11.Qh5 d6 12.Nf3 g6 13.Qh3 Bg7 14.Bg5 Bf6 15.Qh6 Qe7
16.Bxf6 Qxf6 17.e5 dxe5 18.Nc5 Nd6 19.Be4 Nxe4 20.Nxe4 Qe7 21.Nxe5 Nxe5 22.Qg7 O-O-O
23.Qxe5 Qc7 24.Qf6 Rhf8 25.h3 Rd5 26.c4 bxc3 27.Rac1 c2 28.Ng5 Rf5 29.Qg7 Rd8
30.Qh6 Qc5 31.Nf3 Bxf3 32.gxf3 Rxf3 33.Re2 Rd1+ 34.Kg2 Qd5 35.Rexc2+ Rc3+  0-1

[Event "Australian Open"]
[Site "Manly Sydney AUS"]
[Date "2009.01.05"]
[Round "6"]
[White "Mortensen,Hen"]
[Black "Russell,Lut"]
[Result "1-0"]
[WhiteElo "2022"]
[BlackElo "1786"]

1.e4 c5 2.Nf3 e6 3.d4 cxd4 4.Nxd4 a6 5.Bd3 d6 6.c4 Nf6 7.Nc3 Be7 8.O-O Qc7
9.Be3 b6 10.Rc1 Bb7 11.f3 Nbd7 12.Qd2 Ne5 13.Be2 Rc8 14.b3 O-O 15.h3 Ng6
16.Bd3 d5 17.exd5 exd5 18.Nxd5 Nxd5 19.cxd5 Qd7 20.Bf5 Qxd5 21.Bxc8 Bxc8
22.Nc6 Qxd2 23.Nxe7+ Nxe7 24.Bxd2 b5 25.Bb4  1-0

[Event "XX Open"]
[Site "Roquetas de Mar ESP"]
[Date "2009.01.05"]
[Round "6"]
[White "Fierro Baquero,M"]
[Black "Ibarra Jerez,JC"]
[Result "0-1"]
[WhiteElo "2403"]
[BlackElo "2513"]

1.e4 c5 2.Nf3 e6 3.d4 cxd4 4.Nxd4 a6 5.Bd3 Bc5 6.Nb3 Ba7 7.Qg4 Nf6 8.Qg3 d6
9.Nc3 Nc6 10.Bg5 h6 11.Bd2 Ne5 12.O-O-O g5 13.Be2 Bd7 14.Be3 Bb8 15.f3 Rg8
16.Qf2 Bc7 17.h4 Qe7 18.hxg5 hxg5 19.Bb6 Bc6 20.Na5 O-O-O 21.Nxc6 Nxc6 22.Kb1 Bxb6
23.Qxb6 Nd7 24.Qb3 Nc5 25.Qa3 Qc7 26.Rh5 Qb6 27.b3 Kb8 28.Qc1 Qa5 29.Qd2 g4
30.fxg4 Ne5 31.Kb2 Nxg4 32.Bxg4 Rxg4 33.Rh7 Nxe4 34.Nxe4 Qf5 35.Ng5 Qxg5
36.Qxg5 Rxg5 37.Rxf7 Rxg2 38.Re7 Rc8 39.Rxd6 Rcxc2+ 40.Ka3 Rxa2+ 41.Kb4 Rg4+
42.Kc3 Rg3+ 43.Rd3 Rxd3+ 44.Kxd3 Rb2 45.Kc4 Rc2+ 46.Kb4 Rc6 47.Ka5 Ka7 48.b4 Rc1
49.Ka4 Re1 50.Kb3 Kb6 51.Kc4 Re4+ 52.Kc3 Kc6 53.Kb3 b6  0-1

[Event "14th Open"]
[Site "Bosnjaci CRO"]
[Date "2009.01.06"]
[Round "6"]
[White "Dabo Peranic,R"]
[Black "Tratar,M"]
[Result "0-1"]
[WhiteElo "2318"]
[BlackElo "2497"]

1.e4 c5 2.Nf3 e6 3.d4 cxd4 4.Nxd4 a6 5.Bd3 Bc5 6.Nb3 Be7 7.Qg4 Bf6 8.Qg3 Nc6
9.c3 Nge7 10.Bg5 Ng6 11.Bxf6 Qxf6 12.N1d2 Nce5 13.Bc2 Nf4 14.Nd4 d6 15.Ne2 Nxe2
16.Kxe2 Bd7 17.Qe3 Bb5+ 18.Ke1 g5 19.a4 Bc6 20.f3 h5 21.Rf1 h4 22.Bd3 Rd8
23.Be2 Qf4 24.Qg1 d5 25.g3 hxg3 26.hxg3 Qf6 27.f4 gxf4 28.gxf4 Qh4+ 29.Kd1 dxe4
30.Kc2 Qh2 31.Rae1 Nf3 32.Nxf3 exf3 33.Qg4 fxe2 34.Rxe2 Qh3 35.Qxh3 Rxh3
36.f5 Rd6 37.fxe6 fxe6 38.Ref2 Be4+ 39.Kb3 Rb6+ 40.Kc4 Bd3+ 41.Kc5 Rc6+  0-1

[Event "14th Open"]
[Site "Bosnjaci CRO"]
[Date "2009.01.08"]
[Round "8"]
[White "Zivkovic,Vj"]
[Black "Armanda,I"]
[Result "1/2-1/2"]
[WhiteElo "2419"]
[BlackElo "2326"]

1.e4 c5 2.Nf3 e6 3.d4 cxd4 4.Nxd4 a6 5.Bd3 Bc5 6.Nb3 Be7 7.O-O d6 8.c4 Nf6
9.Nc3 O-O 10.f4 Qc7 11.Kh1 Nbd7 12.Be3 b6 13.Qe2 Bb7 14.Rac1 Rac8 15.Nd4 Nc5  1/2-1/2

[Event "TCh-HUN 2008-9"]
[Site "Budapest HUN"]
[Date "2009.01.11"]
[Round "5"]
[White "Kubacsny,L"]
[Black "Szieberth,A"]
[Result "1/2-1/2"]
[WhiteElo "2334"]
[BlackElo "2334"]

1.e4 c5 2.Nf3 e6 3.d4 cxd4 4.Nxd4 a6 5.Bd3 Bc5 6.Nb3 Be7 7.O-O d6 8.f4 Nd7
9.Qe2 Qc7 10.c4 b6 11.Nc3 Bb7 12.Bd2 Bf6 13.Kh1 Ne7 14.Rac1 O-O 15.Nd1 Ng6
16.g3 Rfe8 17.h4 Nc5 18.Bb1 Qd7 19.Kh2 Rad8 20.h5 Nxb3 21.axb3 Ne7 22.Be3 Nc8
23.Nf2 d5 24.e5 Be7 25.Rfd1 Rf8 26.Qg4 f5 27.exf6 Bxf6 28.Ne4 Qe7 29.Nxf6+ Rxf6
30.c5 bxc5 31.Bxc5 Qf7 32.Re1 d4 33.Re5 Ne7 34.Rd1 Rh6 35.Kg1 Rd5 36.Rde1 d3
37.Rxd5 Bxd5 38.Bxd3 Rxh5 39.Kf1 Rh1+ 40.Ke2 Rh2+ 41.Kd1 Bxb3+ 42.Kc1 Qf6
43.Re5 Nc6 44.Qf3 Bd5 45.Qe3 a5 46.Bd4 Nxe5 47.Bxe5 Qe7 48.Qb6 Rh3 49.Qxa5 Rxg3
50.Kc2 Qd7 51.Bc3 Rg2+ 52.Kc1 h5 53.Qb6 h4 54.Qb8+ Kf7 55.Qe5 Rg1+ 56.Kd2 Bf3
57.Bd4 Rg2+ 58.Ke3 Rg3 59.Kf2 Qd5 60.Qc7+ Ke8 61.Qc8+ Kf7 62.Qc7+ Ke8 63.Qc8+  1/2-1/2

[Event "6th ch-Mediterranean"]
[Site "Antalya TUR"]
[Date "2009.01.16"]
[Round "8"]
[White "Parligras,M"]
[Black "Wirig,A"]
[Result "1/2-1/2"]
[WhiteElo "2605"]
[BlackElo "2464"]

1.e4 c5 2.Nf3 e6 3.d4 cxd4 4.Nxd4 a6 5.Bd3 d5 6.exd5 Qxd5 7.O-O Nd7 8.Be3 Bc5
9.Nc3 Qe5 10.Bc4 Ngf6 11.Re1 O-O 12.Bb3 Rd8 13.Na4 Qc7 14.Nxc5 Nxc5 15.Qf3 e5
16.Nf5 Nxb3 17.cxb3 Bxf5 18.Qxf5 Nd5 19.Bd2 f6 20.Red1  1/2-1/2

[Event "ch-AZE"]
[Site "Baku AZE"]
[Date "2009.01.16"]
[Round "4"]
[White "Mamedov,Nid"]
[Black "Durarbeyli,V"]
[Result "0-1"]
[WhiteElo "2607"]
[BlackElo "2439"]

1.e4 c5 2.Nf3 e6 3.d4 cxd4 4.Nxd4 a6 5.Bd3 Nf6 6.O-O d6 7.c4 b6 8.Nc3 Bb7
9.Qe2 Nbd7 10.Kh1 g6 11.Bg5 Bg7 12.f4 O-O 13.Nf3 Qc7 14.Rac1 Rac8 15.f5 Nc5
16.Bb1 exf5 17.exf5 Rfe8 18.Qf2 Nfe4 19.Nxe4 Nxe4 20.Qh4 Qc6 21.f6 Nxg5 22.Qxg5 Bf8
23.b4 Re2 24.h4 Rce8 25.h5 R8e5 26.Nxe5 Rxe5 27.Qg3 Bh6 28.Rc2 Rg5 29.Qf3 Rf5
30.Qd3 Qe4 31.Rcf2 Rxh5+ 32.Kg1 Qh4 33.Rf3 Bxf3 34.Qxf3 d5 35.Rd1 Qxc4 36.a3 Qh4
37.Bc2 Bg5 38.g3 Qh2+ 39.Kf1 Qxc2  0-1

[Event "GM"]
[Site "Marianske Lazne CZE"]
[Date "2009.01.17"]
[Round "1"]
[White "Hedman,E"]
[Black "Krejci,Jan2"]
[Result "0-1"]
[WhiteElo "2367"]
[BlackElo "2426"]

1.e4 c5 2.Nf3 e6 3.d4 cxd4 4.Nxd4 a6 5.Bd3 Bc5 6.Nb3 Ba7 7.Qe2 Nc6 8.Be3 d6
9.O-O Nge7 10.c4 e5 11.Nc3 O-O 12.Rfd1 Be6 13.Rac1 Ng6 14.Nd5 a5 15.Bxa7 Rxa7
16.Qe3 a4 17.Na1 Ra8 18.Nc3 Nf4 19.Nb5 Qg5 20.Qg3 Qh5 21.Nc2 f5 22.Nxd6 Rad8
23.Bf1 fxe4 24.Rd2 Nd4 25.Nxd4 Rxd6 26.Nf5 Rxf5 27.Rxd6 Rg5 28.Rc3 Rxg3 29.hxg3 Nd3
30.Rxe6 Nxf2 31.Kxf2 Qf7+ 32.Ke3 Qxe6 33.c5 Qg4  0-1

[Event "ch-AZE"]
[Site "Baku AZE"]
[Date "2009.01.18"]
[Round "6"]
[White "Rasulov,Vu"]
[Black "Ibrahimov,R"]
[Result "0-1"]
[WhiteElo "2391"]
[BlackElo "2568"]

1.e4 c5 2.Nf3 e6 3.d4 cxd4 4.Nxd4 a6 5.Bd3 Nf6 6.O-O Qc7 7.Be3 d6 8.Nc3 g6
9.f4 Bg7 10.a4 Nc6 11.Nb3 b6 12.Qf3 O-O 13.Rae1 Rb8 14.Kh1 Nb4 15.f5 Nxd3
16.cxd3 b5 17.axb5 axb5 18.Rc1 Qd7 19.Bd4 b4 20.Nd1 exf5 21.exf5 Qxf5 22.Qxf5 Bxf5
23.Ne3 Be6 24.Nd2 Ng4 25.Bxg7 Kxg7 26.Nxg4 Bxg4 27.Ne4 Be2 28.Rf4 Rb6 29.Rc7 Bxd3
30.Ng5 Bf5 31.g4 h6 32.gxf5 hxg5 33.f6+ Kh6 34.Rd4 d5 35.Kg2 Rxf6 36.Rxb4 Re8
37.Rc2 Re4 38.Rb3 Rg4+ 39.Kh3 Rg1 40.Rg2 Rxg2 41.Kxg2 Rc6 42.Rb8 g4 43.Rb5 f5
44.Kg3 Rc2 45.h4 gxh3 46.Kxh3  0-1

[Event "ch-AZE"]
[Site "Baku AZE"]
[Date "2009.01.19"]
[Round "7"]
[White "Durarbeyli,V"]
[Black "Abbasov,F"]
[Result "0-1"]
[WhiteElo "2439"]
[BlackElo "2565"]

1.e4 c5 2.Nf3 e6 3.d4 cxd4 4.Nxd4 a6 5.Bd3 Qc7 6.O-O Nf6 7.Qe2 d6 8.f4 g6
9.Nc3 Bg7 10.e5 dxe5 11.fxe5 Nfd7 12.Rxf7 Kxf7 13.Nxe6 Qxe5 14.Qf2+ Bf6 15.Ng5+ Kg7
16.Bf4 Bxg5 17.Bxe5+ Nxe5 18.Qg3 Bf6 19.Nd5 Nbc6 20.Nxf6 Kxf6 21.Rf1+ Bf5
22.Bxf5 gxf5 23.Qf4 Rhf8 24.Qh6+ Ke7 25.Qxh7+ Rf7 26.Qh4+ Ke6 27.Qf4 Rg8
28.h3 Ne7 29.Re1 Ng6 30.Qd4 Rd7 31.Qb6+ Kf7 32.Qb3+ Kg7 33.Qg3 f4 34.Qg5 Re8
35.Rf1 Rf7 36.g4 Rh8 37.Kg2 f3+ 38.Kg3 f2 39.Rxf2 Rxh3+ 40.Kxh3 Rxf2 41.Qd8 Rf3+
42.Kg2 Kh6 43.a4 Nf4+ 44.Kh1 Nfg6 45.Kg2 Rf4 46.a5 Nxg4 47.Kg3 N4e5 48.Qb6 Rf3+
49.Kh2 Rf7 50.b4 Kh5 51.b5 axb5 52.Qxb5 Kg4 53.a6 Rf2+ 54.Kh1 Kg3  0-1

[Event "GM"]
[Site "Marianske Lazne CZE"]
[Date "2009.01.19"]
[Round "3"]
[White "Kurmann,O"]
[Black "Krejci,Jan2"]
[Result "1/2-1/2"]
[WhiteElo "2415"]
[BlackElo "2426"]

1.e4 c5 2.Nf3 e6 3.d4 cxd4 4.Nxd4 a6 5.Bd3 Bc5 6.Nb3 Ba7 7.Nc3 Nc6 8.Qg4 Nf6
9.Qg3 d6 10.Bg5 h6 11.Bd2 g5 12.Be3 b5 13.O-O-O Bb8 14.f3 Ne5 15.Qf2 Bd7
16.a3 Bc7 17.h4 g4 18.Be2 Qb8 19.Bd4 Rg8 20.Qe3 gxf3 21.gxf3 h5 22.Rhg1 Rxg1
23.Rxg1 Ke7 24.Rg7 Qh8 25.Qg5 Kf8 26.Qxf6 Bd8 27.Rxf7+ Nxf7 28.Qxh8+ Nxh8
29.Bxh8 e5 30.Nd5 Bxh4 31.f4 Bc6 32.fxe5 Bxd5 33.exd5 Kg8 34.Bxh5 Kxh8 35.exd6 Rd8
36.Be2 Bg5+ 37.Kb1 Rxd6 38.c4 bxc4 39.Bxc4 Rb6 40.Nc5 Be7 41.Na4 Rh6 42.b4 Kg7
43.Nc5  1/2-1/2

[Event "GM"]
[Site "Marianske Lazne CZE"]
[Date "2009.01.21"]
[Round "6"]
[White "Biolek,R1"]
[Black "Ivanov,MM"]
[Result "1/2-1/2"]
[WhiteElo "2406"]
[BlackElo "2497"]

1.e4 c5 2.Nf3 e6 3.d4 cxd4 4.Nxd4 a6 5.Bd3 g6 6.O-O Bg7 7.Nb3 Ne7 8.f4 d5
9.e5 Nbc6 10.a4 O-O 11.a5 f6 12.exf6 Bxf6 13.Nc3 Bg7 14.Qe2 e5 15.fxe5 Rxf1+
16.Qxf1 Bxe5 17.Bf4 Bg7 18.Re1 Bf5 19.Kh1 Qf8 20.Nc5 Bxd3 21.cxd3 Qf5 22.Bc7 Qxf1+
23.Rxf1 Rc8 24.Ne6 Nd4 25.Nxg7 Rxc7 26.Ne8 Rc5 27.Nf6+ Kg7 28.Ne8+ Kg8 29.Nf6+ Kh8
30.Nxh7 Rxa5 31.g4 Nc2 32.Rf7 Ne3 33.h3 Ra1+ 34.Kh2 Nf1+ 35.Kg2 Ne3+ 36.Kg3 Rg1+
37.Kh2 Rg2+ 38.Kh1 Rg3 39.Rxe7 Rxh3+ 40.Kg1 d4 41.Nf6 dxc3 42.bxc3 b5 43.Kf2 Nd1+
44.Kg2 Rh4 45.Re1 Nxc3 46.Kg3 g5 47.Nh5 b4 48.Re8+ Kh7 49.Re7+ Kg6 50.Rg7+ Kh6
51.Ra7 Ne2+ 52.Kf3 Nd4+ 53.Kg3 Ne2+ 54.Kf3 Nd4+ 55.Kg3 Ne2+  1/2-1/2

[Event "Queenstown Classic"]
[Site "Queenstown NZL"]
[Date "2009.01.24"]
[Round "10"]
[White "Van Delft,M"]
[Black "Goldsmith,A"]
[Result "0-1"]
[WhiteElo "2397"]
[BlackElo "2226"]

1.e4 c5 2.Nf3 e6 3.d4 cxd4 4.Nxd4 a6 5.Bd3 Qc7 6.O-O Nf6 7.Qe2 h5 8.Nd2 Nc6
9.Nxc6 dxc6 10.a4 e5 11.a5 Bg4 12.f3 Bc5+ 13.Kh1 Be6 14.g3 O-O-O 15.Nc4 Bh3
16.Re1 Rdg8 17.Be3 Nd7 18.Bxc5 Nxc5 19.Qe3 Nxd3 20.Qxd3 Rd8 21.Qe3 Rd4 22.Nb6+ Kb8
23.c3 Rd6 24.Nc4 Rd7 25.Nb6 Rd6 26.Nc4 Rdd8 27.Rad1 f6 28.Qe2 Be6 29.Nb6 Bb3
30.Rd3 Rxd3 31.Qxd3 Rd8 32.Qe3 Qd6 33.f4 Qd2 34.fxe5 fxe5 35.c4 Qxb2 36.Rf1 Bc2
37.Rf2 Bxe4+ 38.Qxe4 Qxf2 39.Qxe5+ Ka7  0-1

[Event "TCh-HUN 2008-9"]
[Site "Budapest HUN"]
[Date "2009.01.25"]
[Round "6"]
[White "Leviczky,T"]
[Black "Kubacsny,L"]
[Result "1-0"]
[WhiteElo "2303"]
[BlackElo "2334"]

1.e4 c5 2.Nf3 e6 3.d4 cxd4 4.Nxd4 a6 5.Bd3 Nf6 6.O-O d6 7.c4 Bd7 8.Nc3 Nc6
9.Nxc6 Bxc6 10.Qe2 Be7 11.b4 b6 12.Bb2 O-O 13.Rad1 Qc7 14.f4 Rfe8 15.e5 Nd7
16.exd6 Bxd6 17.Bxh7+ Kf8 18.b5 Bb7 19.Be4 Bc5+ 20.Kh1 Nf6 21.bxa6 Rxa6 22.Nb5 Qb8
23.Be5 Qc8 24.Bxb7 Qxb7 25.Nc7  1-0

[Event "TCh-HUN 2008-9"]
[Site "Budapest HUN"]
[Date "2009.01.25"]
[Round "6"]
[White "Hajnal,Z"]
[Black "Fogarasi,T"]
[Result "1/2-1/2"]
[WhiteElo "2400"]
[BlackElo "2426"]

1.e4 c5 2.Nf3 e6 3.d4 cxd4 4.Nxd4 a6 5.Bd3 d5 6.exd5 Qxd5 7.O-O Nd7 8.Be3 Bc5
9.Nc3 Qe5 10.Bc4 Ngf6 11.Re1 O-O 12.Na4 Bxd4 13.Bxd4  1/2-1/2

[Event "ch-PriFO"]
[Site "Kazan RUS"]
[Date "2009.01.25"]
[Round "5"]
[White "Ozolin,M"]
[Black "Aldokhin,I"]
[Result "1/2-1/2"]
[WhiteElo "2377"]
[BlackElo "2251"]

1.e4 c5 2.Nf3 e6 3.d4 cxd4 4.Nxd4 a6 5.Bd3 Qc7 6.O-O Nf6 7.Qe2 d6 8.c4 g6
9.Nc3 Bg7 10.Rd1 O-O 11.Nf3 Nc6 12.Bf4 Nd7 13.Rac1 Nce5 14.b3 b6 15.h3 Bb7
16.Nxe5 Nxe5 17.Qe3 Rab8 18.Be2 f5 19.exf5 gxf5 20.b4 Bf6 21.f3 Kh8 22.c5 bxc5
23.bxc5 dxc5 24.Nb5 axb5 25.Rxc5 Qg7 26.Bxe5 Bxe5 27.Qxe5 Qxe5 28.Rxe5 Bd5
29.a3 b4  1/2-1/2